Mujeres: guía de los movimientos de musculación, descripción anatómica
Αποθηκεύτηκε σε:
| Κύριος συγγραφέας: | |
|---|---|
| Μορφή: | Βιβλίο |
| Γλώσσα: | Ισπανικά |
| Έκδοση: |
Barcelona
Paidotribo
2003
|
| Θέματα: | |
| Ετικέτες: |
Προσθήκη ετικέτας
Δεν υπάρχουν, Καταχωρήστε ετικέτα πρώτοι!
|
MARC
| LEADER | 00000nam a2200000 a 4500 | ||
|---|---|---|---|
| 001 | UCL6348 | ||
| 003 | CL-VaPUC | ||
| 008 | 040402e20030000SP |||||||||||||||||spa|d | ||
| 020 | |a 8480197129 | ||
| 082 | 0 | 4 | |a 613.71 |b DEL |2 21 |
| 100 | 0 | |a Delavier, Frédéric |e author |9 484002 | |
| 245 | 1 | 0 | |a Mujeres: guía de los movimientos de musculación, descripción anatómica |
| 300 | |a 135 p | ||
| 942 | |c BK | ||
| 945 | |d 20040402 00:00:00 |a cmena | ||
| 260 | |a Barcelona |b Paidotribo |c 2003 | ||
| 650 | 7 | |a SISTEMA MUSCULO ESQUELETICO |2 CL-VaPUC |9 477666 | |
| 650 | 0 | |a Mujeres |9 257649 | |
| 650 | 7 | |a ENTRENAMIENTO ATLETICO |2 CL-VaPUC |9 484003 | |
| 583 | |a last modification |c 20040402 00:00:00 |k Rodrigo Vera | ||
| 999 | |c 308460 |d 308458 | ||
| 952 | |0 0 |1 0 |4 0 |6 613_710000000000000_DEL_2003 |7 0 |8 A |9 374994 |a BIBEDU |b BIBEDU |d 2019-11-21 |i 4001907 |o 613.71 DEL 2003 |p 4001907 |r 2019-11-21 |w 2019-11-21 |y BK |k EFI | ||
| 952 | |0 0 |1 0 |4 0 |6 613_710000000000000_DEL_2003 |7 0 |8 A |9 374995 |a BIBEDU |b BIBEDU |d 2019-11-21 |i 4001893 |l 1 |m 1 |o 613.71 DEL 2003 |p 4001893 |r 2024-09-04 |s 2024-08-20 |w 2019-11-21 |y BK |k EFI | ||